00784nam a2200241 a 4500001001300000003000900013005001700022008004100039020002300080082001700103100003200120245007400152260004000226300001000266500003500276505002000311650002900331700003200360902000800392942000700400952011800407999001700525nice12345678IN_TiNIC20260116014118.0130515s2013 newa grp 000 0 eng  a9788125050230c69500a809.915bSUN aSundaraghavan, Padma Malini aFictionalising Myth and Historyb A Study of Four Postcolonial Novels aNew Delhi bOrient Blackswan c2013 a283p  aincludes index and biblioraphy2 aAppendix, Index aMyth-History & Criticism1 aSundaraghavan, Padma Malini bSRS cBK 001040708StackRoom-aHMIbHMId2013-05-15g695.00l0o809.915 SUNp024070r2013-05-15v695.00w2013-05-15yBK c13930d13930